Statistics for South Asia Map Quiz

Click here to take the quiz!

General Stats

  • This quiz has been taken 12 times
  • The average score is 7 of 8

Answer Stats

HintAnswer% Correct
BBangladesh
100%
BBhutan
100%
IIndia
100%
NNepal
100%
MMyanmar
82%
PPakistan
82%
SSri Lanka
82%
MMaldives
64%

Score Distribution

Percentile by Number Answered

Percent of People with Each Score

Your Score History

You have not taken this quiz